Từ điển chính tả tiếng việt

Spremljeno u:
Bibliografski detalji
Glavni autor: Nguyễn, Văn Xô
Format: Knjiga
Jezik:Undetermined
Izdano: Hà Nội Thanh niên 2004
Teme:
Oznake: Dodaj oznaku
Bez oznaka, Budi prvi tko označuje ovaj zapis!
Thư viện lưu trữ: Trung tâm Học liệu Trường Đại học Cần Thơ
LEADER 00578nam a2200205Ia 4500
001 CTU_60662
008 210402s9999 xx 000 0 und d
020 |c 15000 
082 |a 495.9223 
082 |b X450 
100 |a Nguyễn, Văn Xô 
245 0 |a Từ điển chính tả tiếng việt 
245 0 |c Nguyễn Văn Xô 
260 |a Hà Nội 
260 |b Thanh niên 
260 |c 2004 
650 |a Vietnamese language 
650 |x Orthography and spelling 
904 |i Minh, Năm 
980 |a Trung tâm Học liệu Trường Đại học Cần Thơ